Statistics for African Capitals Alphabetical

Click here to take the quiz!

General Stats

  • This quiz has been taken 97 times
    (34 since last reset)
  • The average score is 32 of 54

Answer Stats

Hint Answer % Correct
NigeriaAbuja
92%
AlgeriaAlgiers
88%
DjiboutiDjibouti
84%
EgyptCairo
84%
Guinea BissauBissau
80%
GhanaAccra
80%
Sierra LeoneFreetown
76%
SenegalDakar
76%
South AfricaPretoria / Bloemfontein / Cape Town
72%
Central African RepublicBangui
68%
KenyaNairobi
68%
South SudanJuba
68%
MadagascarAntananarivo
68%
EthiopiaAddis Ababa
68%
RwandaKigali
64%
SudanKhartoum
64%
ZimbabweHarare
64%
AngolaLuanda
64%
TanzaniaDodoma / Dar es Salaam
64%
EritreaAsmara
64%
TunisiaTunis
64%
São Tomé and PrincipeSão Tomé
64%
ChadN'Djamena
60%
MoroccoRabat
60%
SomaliaMogadishu
60%
MozambiqueMaputo
60%
LibyaTripoli
60%
TogoLomé
60%
Republic of CongoBrazzaville
60%
Democratic Republic of CongoKinshasa
60%
UgandaKampala
60%
SeychellesVictoria
56%
LiberiaMonrovia
56%
GuineaConakry
56%
BotswanaGaborone
56%
Cape VerdePraia
52%
MaliBamako
52%
GambiaBanjul
52%
BurundiGitega
52%
NigerNiamey
52%
MalawiLilongwe
48%
NamibiaWindhoek
48%
Burkina FasoOuagadougou
48%
LesothoMaseru
48%
ZambiaLusaka
48%
Equatorial GuineaMalabo
48%
BeninPorto Novo / Cotonou
44%
ComorosMoroni
44%
GabonLibreville
40%
MauritiusPort Louis
36%
MauritaniaNouakchott
36%
Swaziland / eSwatiniMbabane / Lobamba
36%
Ivory CoastYamoussoukro / Abidjan
36%
CameroonYaoundé
36%

Score Distribution

Percentile by Number Answered

Percent of People with Each Score

Your Score History

You have not taken this quiz since the last reset